000 00592cam a2200193 04500
001 45400
090 _a45400
100 _a19931213d1943 m y0pory50030103ba
101 0 _apor
102 _aPT
200 1 _aUm povo miúdo
_enotas sobre a vida das abelhas
_fEduardo Sousa de Almeida
210 9 _aLisboa
_cCosmos,
_d[1943]
215 _a153, [4] p.
_d19 cm
225 2 _aBiblioteca Cosmos.
_v33
_h1 Sec—cão,
_iCiências e Técnicas
_v15
300 _aNotas sobre a vida das abelhas
675 _a638.1(035)
_vBN
_zpor
700 1 _aAlmeida,
_bEduardo Sousa de,
_f1887-1958
801 0 _aPT
_bBN
_gRPC
990 _cLIVROS